Countries That Took Part In The Balkan Wars (1912-1913) - Statistics

General Stats
  • This quiz has been taken 571 times
    568 since last reset
  • The average score is 7 of 8
Answer Stats
Attackers % Correct
Greece Both Balkan Wars
96%
Ottoman Empire 1st Balkan War
96%
Ottoman Empire 2nd Balkan War
96%
Serbia Both Balkan Wars
96%
Bulgaria 2st Balkan War
94%
Bulgaria 1st Balkan War
94%
Romania 2nd Balkan War
89%
Montenegro Both Balkan Wars
84%
No matching quizzes found
Score Distribution
Percent of People with Each Score
Percentile by Number Answered
Your Score History
You have not taken this quiz since the last reset